[Event "Montevideo Magistral Integracion 1st"]
[Site "Montevideo"]
[Date "2021.12.11"]
[Round "9"]
[White "Echevarria, Ernesto"]
[Black "Garcia Palermo, Carlos H"]
[Result "1/2-1/2"]
[WhiteElo "2181"]
[BlackElo "2418"]
[PlyCount "20"]
[EventDate "2021.12.04"]
[EventType "tourn"]
[EventRounds "9"]
[EventCountry "URU"]
[EventCategory "3"]
[SourceTitle "CBM 205 Extra"]
[Source "ChessBase"]
[SourceDate "2022.01.31"]
[SourceVersion "1"]
[SourceVersionDate "2022.01.31"]
[SourceQuality "1"]

1. e4 c6 2. d4 d5 3. e5 Bf5 4. Nf3 e6 5. Be2 Nd7 6. 0-0 h6 7. Be3 Ne7 8. Nbd2 Bh7 9. Nb3 Nf5 10. Qd2 Be7 1/2-1/2

[Event "Montevideo Magistral Integracion 1st"]
[Site "Montevideo"]
[Date "2021.12.10"]
[Round "7"]
[White "Echevarria, Ernesto"]
[Black "Coppola, Claudio"]
[Result "0-1"]
[WhiteElo "2181"]
[BlackElo "2226"]
[PlyCount "116"]
[EventDate "2021.12.04"]
[EventType "tourn"]
[EventRounds "9"]
[EventCountry "URU"]
[EventCategory "3"]
[SourceTitle "CBM 205 Extra"]
[Source "ChessBase"]
[SourceDate "2022.01.31"]
[SourceVersion "1"]
[SourceVersionDate "2022.01.31"]
[SourceQuality "1"]

1. e4 c5 2. Nf3 d6 3. d4 cxd4 4. Nxd4 Nf6 5. Nc3 g6 6. Be3 Bg7 7. f3 0-0 8. Bc4 Nc6 9. Qd2 Bd7 10. h4 Rc8 11. Bb3 h5 12. 0-0-0 Ne5 13. Bg5 Re8 14. Kb1 Rc5 15. Rhe1 b5 16. f4 Nc4 17. Bxc4 Rxc4 18. e5 Ng4 19. b3 Rc8 20. Ncxb5 Qb6 21. Nc3 Qa5 22. Nde2 Bf5 23. Bxe7 Rxe7 24. Nd5 Bxc2+ 25. Kb2 Rxe5 26. fxe5 Bxe5+ 27. Nec3 Bxc3+ 28. Nxc3 Bxd1 29. Rxd1 Qe5 30. Qd4 Ne3 31. Rd2 Qxd4 32. Rxd4 Nxg2 33. Nb5 a6 34. Nxd6 Rd8 35. b4 Nxh4 36. a4 Nf3 37. Rd1 Kf8 38. Kc2 Ke7 39. Ne4 Rxd1 40. Kxd1 h4 41. Ke2 Nd4+ 42. Kf2 Nc6 43. b5 axb5 44. axb5 Ne5 45. Ke3 Ke6 46. Kf4 f6 47. Nc5+ Kd5 48. Ne4 Nd3+ 49. Kf3 Ke5 50. Nd2 f5 51. Nc4+ Kd4 52. Nd2 g5 53. Nf1 Kc5 54. Ne3 Ne5+ 55. Kg2 f4 56. Nc2 Kxb5 57. Nd4+ Kc4 58. Ne6 f3+ 0-1

[Event "Montevideo Magistral Integracion 1st"]
[Site "Montevideo"]
[Date "2021.12.04"]
[Round "2"]
[White "Echevarria, Ernesto"]
[Black "Vitoux, Colomban"]
[Result "0-1"]
[WhiteElo "2181"]
[BlackElo "2365"]
[PlyCount "94"]
[EventDate "2021.12.04"]
[EventType "tourn"]
[EventRounds "9"]
[EventCountry "URU"]
[EventCategory "3"]
[SourceTitle "CBM 205 Extra"]
[Source "ChessBase"]
[SourceDate "2022.01.31"]
[SourceVersion "1"]
[SourceVersionDate "2022.01.31"]
[SourceQuality "1"]

1. e4 Nf6 2. e5 Ng8 3. d4 d6 4. exd6 cxd6 5. Nf3 Nf6 6. Be2 g6 7. h3 Bg7 8. 0-0 d5 9. Bf4 0-0 10. c3 Nc6 11. Nbd2 Re8 12. Ne5 Nd7 13. Nxd7 Bxd7 14. Nf3 f6 15. Qb3 e6 16. Rad1 Na5 17. Qc2 Qb6 18. Rfe1 Rac8 19. Qd2 Ba4 20. b3 Bb5 21. Bxb5 Qxb5 22. h4 b6 23. Bh6 Bh8 24. h5 Qd7 25. hxg6 hxg6 26. Bf4 Nc6 27. Re2 Ne7 28. Qd3 Rc6 29. Rde1 Rec8 30. Bd2 Kf7 31. Qe3 Nf5 32. Qf4 Bg7 33. g4 g5 34. Qh2 Rh8 35. Qg2 Ne7 36. Qg3 Rh6 37. Kg2 Ng6 38. Rh1 Rxh1 39. Kxh1 Bf8 40. Qh3 Kg7 41. Qh5 Bd6 42. Bxg5 fxg5 43. Nxg5 Rxc3 44. Qh7+ Kf6 45. Ne4+ dxe4 46. g5+ Kxg5 47. Qxd7 Rc1+ 0-1